| 000 | 00401nam a22001217a 4500 | ||
|---|---|---|---|
| 999 |
_c3260 _d3260 |
||
| 005 | 20201120093946.0 | ||
| 008 | 201120b ||||| |||| 00| 0 eng d | ||
| 020 | _a1858380391 | ||
| 040 | _cCML | ||
| 245 |
_aModel Syllabuses for Religious Education. _c School Curriculum |
||
| 260 |
_aLondon _bSchool Curriculum and assessment Authority _c1994 |
||
| 942 |
_2ddc _cBK _e1st Edition _h268 _mGRE |
||